Art from the garden : create 25 beautiful ... Read More
Available copies
- 0 of 2 copies available at LARL/NWRL Consortium.
- 0 of 2 copies available at Lake Agassiz Regional Library. (Show preferred library)
Current holds
0 current holds with 2 total copies.
Show Only Available Copies
| Location | Call Number / Copy Notes | Barcode | Shelving Location | Status | Due Date |
|---|---|---|---|---|---|
| Detroit Lakes Public Library | 745.5 MIC (Text) | 33500014391775 | New | Checked out | 06/26/2026 |
| Fosston Public Library | 745.5 MIC (Text) | 33500014391783 | New | Checked out | 06/26/2026 |
Record details
- ISBN: 9781643264172
- ISBN: 1643264176
- Physical Description: 250 pages : color illustrations ; 24 cm
- Publisher: Portland, OR : Timber Press, [2026]
- Copyright: ©2026
Content descriptions
| Bibliography, etc. Note: | Includes bibliographical references (page 241) and ... Read More |
| Formatted Contents Note: | Introduction -- Dried botanicals -- Cyanotypes -- ... Read More |
| Summary, etc.: | Bring the beauty of your surroundings into your ... Read More |
Search for related items by subject
| Subject: | Nature craft. Handicraft. Nature in art. CRAFTS & HOBBIES / Nature Crafts. |
| Genre: | Informational works. Instructional and educational works. Illustrated works. |
| LDR | 02953cam a2200517 i 4500 | ||
|---|---|---|---|
| 001 | 485976 | ||
| 003 | LARL_NWRL_CONSORTIUM | ||
| 005 | 20260604144825.0 | ||
| 008 | 250905t20262026orua e b 001 0 eng d | ||
| 040 | . | ‡aYDX ‡beng ‡erda ‡cYDX ‡dOCLCO ‡dOCLCQ ‡dTP7 ‡dOCLCO ‡dMJ8 ‡dOCLCO ‡dMRQ ‡dIG# ‡dOCLCO ‡dRNL ‡dOCLCO ‡dGRA ‡dGO3 ‡dTOH ‡dCHILD | |
| 020 | . | ‡a9781643264172 ‡q(hardcover) | |
| 020 | . | ‡a1643264176 ‡q(hardcover) | |
| 035 | . | ‡a(OCoLC)1535239375 | |
| 082 | 0 | 4. | ‡a745.5 ‡223/eng/2026 |
| 100 | 1 | . | ‡aMichaels, Kerry, ‡eauthor. ‡1https://id.oclc.org/worldcat/entity/E39PCjKYj76Hhbxgj8F7dRcVRX |
| 245 | 1 | 0. | ‡aArt from the garden : ‡bcreate 25 beautiful botanical projects / ‡cKerry Michaels ; Liz Micheels, art and design consultant. |
| 264 | 1. | ‡aPortland, OR : ‡bTimber Press, ‡c[2026] | |
| 264 | 4. | ‡c©2026 | |
| 300 | . | ‡a250 pages : ‡bcolor illustrations ; ‡c24 cm | |
| 336 | . | ‡atext ‡btxt ‡2rdacontent | |
| 337 | . | ‡aunmediated ‡bn ‡2rdamedia | |
| 338 | . | ‡avolume ‡bnc ‡2rdacarrier | |
| 504 | . | ‡aIncludes bibliographical references (page 241) and index. | |
| 520 | . | ‡aBring the beauty of your surroundings into your home through 25 tasteful art projects featured in the gorgeous creative guide. This is a gorgeously photographed, warmly detailed guide to creating works of art with materials (mostly) from your own garden. Create chic vases from twigs, visually stunning luminarias using water, your own gorgeous blooms, and a freezer, cyanotype prints with a branch and the power of the sun, and other striking projects. The 25 step-by-step projects are easy to find, nestled into categories like pressed flowers, frozen botanicals, cyanotype, wrapped stones, so on. Artist and photographer Kerry Michaels lends her artistic and photographic talent, refined eye, and warm writing voice to this book for folks who want to bring nature into their home in sophisticated, highly personalized ways. | |
| 505 | 0 | . | ‡aIntroduction -- Dried botanicals -- Cyanotypes -- Frozen flowers -- Papier-mâché -- Air-dry clay -- More projects -- Resources -- List of useful botanicals -- Acknowledgments -- Index. |
| 650 | 0. | ‡aNature craft. ‡0(LARL_NWRL_CONSORTIUM)26600 | |
| 650 | 0. | ‡aHandicraft. ‡0(LARL_NWRL_CONSORTIUM)21871 | |
| 650 | 0. | ‡aNature in art. ‡0(LARL_NWRL_CONSORTIUM)42698 | |
| 650 | 7. | ‡aCRAFTS & HOBBIES / Nature Crafts. ‡2bisacsh | |
| 655 | 7. | ‡aInformational works. ‡2lcgft | |
| 655 | 7. | ‡aInstructional and educational works. ‡2lcgft | |
| 655 | 7. | ‡aIllustrated works. ‡2lcgft | |
| 700 | 1 | . | ‡aMicheels, Liz, ‡edesigner. |
| 901 | . | ‡a485976 ‡bOCoLC ‡c485976 ‡tbiblio ‡sIngram On-Order | |

Add to basket
Permalink
Enable Highlighting